000 01877nam a2200553 i 4500
001 1852
003 KOSZ 005
005 20210827075814.0
008 200525s1982 pl a f 000 0 pol
015 _aUWD 1983/464
020 _a8301008725
035 _a991009180029705066
035 _a(PL-WaBN)b12490787-48omnis_nlop
035 _ab12490787
035 _a(OCoLC)749373229
035 _a(PL)b0000001249078
035 _a(EXLNZ-48OMNIS_NETWORK)9910381616905606
040 _aWA N
_cWA N
_dKOSZ 005/AR
046 _k1982
080 _a69
080 _a624
080 _a624.01/.07
080 _a624.04
080 _a744
080 _a(075.8)
100 1 _aPawłowski, Paweł
_c(budownictwo)
_eAutor
245 1 0 _aBudownictwo ogólne :
_bwymiarowanie /
_cPaweł Pawłowski, Rafał Pawłowski.
250 _aWydanie 2.
260 _aWarszawa ;
_aŁódź :
_bPaństwowe Wydawnictwo Naukowe,
_c1982.
300 _a690, [1] strona :
_bilustracje, mapy ;
_c24 cm.
336 _aTekst
_btxt
_2rdacontent
337 _aBez urządzenia pośredniczącego
_bn
_2rdamedia
338 _aWolumin
_bnc
_2rdacarrier
380 _aKsiążki
380 _aPublikacje dydaktyczne
385 _mPoziom nauczania
_aSzkoły wyższe
388 _a1901-2000
388 _a1945-1989
521 _aSkrypt dla studentów wydziałów budownictwa lądowego wyższych szkół technicznych i akademii rolniczo-technicznych.
650 7 _aBudownictwo
_2DBN
655 7 _aPodręczniki akademickie
_2DBN
655 7 _aRysunek techniczny
658 _aArchitektura i budownictwo
700 1 _aPawłowski, Rafał
_eAutor
710 _4pbl
_aPaństwowe Wydawnictwo Naukowe
856 _uhttp://koha.tu.koszalin.pl/cgi-bin/koha/opac-detail.pl?biblionumber=1852
_yKatalog online BPK
942 _2UKD
_cKS
999 _c1852
_d1852